<?xml version="1.0" encoding="UTF-8"?>
<record
    xmlns:xsi="http://www.w3.org/2001/XMLSchema-instance"
    xsi:schemaLocation="http://www.loc.gov/MARC21/slim http://www.loc.gov/standards/marcxml/schema/MARC21slim.xsd"
    xmlns="http://www.loc.gov/MARC21/slim">

  <leader>01342nam a2200241 a 4500</leader>
  <controlfield tag="003">DO-SdBNP</controlfield>
  <controlfield tag="005">20250910122621.0</controlfield>
  <controlfield tag="007">ta</controlfield>
  <controlfield tag="008">220527e2004    dr     gr|||| 001 e spa d</controlfield>
  <datafield tag="020" ind1=" " ind2=" ">
    <subfield code="a">9993424137</subfield>
  </datafield>
  <datafield tag="040" ind1=" " ind2=" ">
    <subfield code="a">DO-SdBNP</subfield>
    <subfield code="b">spa</subfield>
    <subfield code="c">BNPHU</subfield>
  </datafield>
  <datafield tag="082" ind1=" " ind2="4">
    <subfield code="a">xxxx</subfield>
    <subfield code="b">P421n</subfield>
    <subfield code="2">22</subfield>
  </datafield>
  <datafield tag="100" ind1="1" ind2=" ">
    <subfield code="9">13174</subfield>
    <subfield code="a">Pep&#xE9;n, Juan F.  </subfield>
    <subfield code="q"> (Juan Felix)</subfield>
    <subfield code="e">Mons.</subfield>
    <subfield code="d">1920-2007</subfield>
  </datafield>
  <datafield tag="245" ind1="1" ind2="3">
    <subfield code="a">La naci&#xF3;n que Duarte quiso /</subfield>
    <subfield code="c">Juan F. Pep&#xE9;n ; editor, Raymundo Gonz&#xE1;lez</subfield>
  </datafield>
  <datafield tag="260" ind1=" " ind2=" ">
    <subfield code="a">Santo Domingo :</subfield>
    <subfield code="b">Centro Poveda,</subfield>
    <subfield code="c">2004.</subfield>
  </datafield>
  <datafield tag="300" ind1=" " ind2=" ">
    <subfield code="a">202 p. ; </subfield>
    <subfield code="c">21 cm</subfield>
  </datafield>
  <datafield tag="505" ind1=" " ind2=" ">
    <subfield code="a">Primera Parte: El pensamiento.</subfield>
    <subfield code="g">Cap&#xED;tulo 1.</subfield>
    <subfield code="t">El ideal durtiano.--</subfield>
    <subfield code="g">Cap&#xED;tulo 2.</subfield>
    <subfield code="t">Duarte y los valores.--</subfield>
    <subfield code="g">Cap&#xED;tulo 3.</subfield>
    <subfield code="t">Su Ideario.--</subfield>
    <subfield code="g">Cap&#xED;tulo 4.</subfield>
    <subfield code="t">Identidad Nacional.--</subfield>
    <subfield code="g">Cap&#xED;tulo 5.</subfield>
    <subfield code="t">La Patria.--</subfield>
    <subfield code="g">Cap&#xED;tulo 6.</subfield>
    <subfield code="t">S&#xED;mbolos patrios.--</subfield>
    <subfield code="g">Cap&#xED;tulo 7.</subfield>
    <subfield code="t">Ante una crisis.--</subfield>
    <subfield code="g">Cap&#xED;tulo 8.</subfield>
    <subfield code="t">La Reforma necesaria.--</subfield>
    <subfield code="g">Cap&#xED;tulo 9.</subfield>
    <subfield code="t">Paz social.--</subfield>
    <subfield code="g">Cap&#xED;tulo 10.</subfield>
    <subfield code="t">Nuestras instituciones.--</subfield>
    <subfield code="g">Cap&#xED;tulo 11.</subfield>
    <subfield code="t">El bien com&#xFA;n.--</subfield>
    <subfield code="g">Cap&#xED;tulo 12.</subfield>
    <subfield code="t">Promoci&#xF3;n integral.</subfield>
    <subfield code="g">Cap&#xED;tulo 13.</subfield>
    <subfield code="t">Siempre adelante.--</subfield>
    <subfield code="g">Cap&#xED;tulo 14.</subfield>
    <subfield code="t">Juntos y unidos.--</subfield>
    <subfield code="g">Cap&#xED;tulo 15.</subfield>
    <subfield code="t">Con realismo.--</subfield>
    <subfield code="g">Cap&#xED;tulo 16.</subfield>
    <subfield code="t">Por un proyecto nacional.--</subfield>
    <subfield code="t">Conclusi&#xF3;n.</subfield>
  </datafield>
  <datafield tag="590" ind1=" " ind2=" ">
    <subfield code="a">Inventariado, 2022/ MFe</subfield>
  </datafield>
  <datafield tag="600" ind1="1" ind2="0">
    <subfield code="a">Duarte, Juan Pablo,   </subfield>
    <subfield code="d">1813-1876</subfield>
    <subfield code="9">1494</subfield>
  </datafield>
  <datafield tag="700" ind1="1" ind2=" ">
    <subfield code="a">Gonz&#xE1;lez, Raymundo</subfield>
    <subfield code="e">ed.</subfield>
    <subfield code="9">6373</subfield>
  </datafield>
  <datafield tag="910" ind1=" " ind2=" ">
    <subfield code="a">MFeliz</subfield>
  </datafield>
  <datafield tag="942" ind1=" " ind2=" ">
    <subfield code="2">ddc</subfield>
    <subfield code="c">LBS1</subfield>
  </datafield>
  <datafield tag="952" ind1=" " ind2=" ">
    <subfield code="0">0</subfield>
    <subfield code="1">0</subfield>
    <subfield code="2">ddc</subfield>
    <subfield code="5">1</subfield>
    <subfield code="7">0</subfield>
    <subfield code="8">PD</subfield>
    <subfield code="a">BNPHU</subfield>
    <subfield code="b">BNPHU</subfield>
    <subfield code="c">HD</subfield>
    <subfield code="d">2022-02-09</subfield>
    <subfield code="e">Donado por V&#xED;ctor Hugo</subfield>
    <subfield code="o">P421</subfield>
    <subfield code="p">2022-2446</subfield>
    <subfield code="r">2022-05-27</subfield>
    <subfield code="w">2022-05-27</subfield>
    <subfield code="y">LBS1</subfield>
  </datafield>
  <datafield tag="999" ind1=" " ind2=" ">
    <subfield code="c">51832</subfield>
    <subfield code="d">51832</subfield>
  </datafield>
</record>
